ბათუმის შოთა რუსთაველის სახელმწიფო უნივერსიტეტის ბიბლიოთეკა

Осноиы математического Анализа (ბიბ.ჩანაწერი № 38626)

000 -LEADER
fixed length control field 00576nam a2200205Ia 4500
001 - CONTROL NUMBER
control field 4809
003 - CONTROL NUMBER IDENTIFIER
control field GE_BSU
008 - FIXED-LENGTH DATA ELEMENTS--GENERAL INFORMATION
fixed length control field 181216s||||||||xx |||||||||||||| ||und||
040 ## - CATALOGING SOURCE
Transcribing agency GE_BSU
080 ## - UNIVERSAL DECIMAL CLASSIFICATION NUMBER
Universal Decimal Classification number 517
100 ## - MAIN ENTRY--PERSONAL NAME
Personal name Акилов, Г.А;Дятлов.
245 ## - TITLE STATEMENT
Title Осноиы математического Анализа
245 ## - TITLE STATEMENT
Statement of responsibility, etc. Отв. ред. Ю.Г.Решетняк
260 ## - PUBLICATION, DISTRIBUTION, ETC.
Place of publication, distribution, etc. Новосибирск:
260 ## - PUBLICATION, DISTRIBUTION, ETC.
Name of publisher, distributor, etc. Наука
260 ## - PUBLICATION, DISTRIBUTION, ETC.
Date of publication, distribution, etc. 1980
300 ## - PHYSICAL DESCRIPTION
Extent 336 с
653 ## - INDEX TERM--UNCONTROLLED
Uncontrolled term Осноиы математического Анализа
942 ## - ADDED ENTRY ELEMENTS (KOHA)
Koha item type წიგნი
ეგზემპლარები
Withdrawn status Lost status Damaged status Not for loan Date acquired Barcode Date last seen Price effective from Koha item type
        2018-12-17 15474 2018-12-17 2018-12-17 წიგნი